Регионална библиотека "Любен Каравелов" - Русе

Шев и плетачество (Запис номер 118300)

MARC детайли
000 -Лидер
Контролно поле с фиксирана дължина 01551nam a2200385 c 4500
003 - Код на организацията, давaща контролен номер
Контролно поле BLK
005 - Дата и час на последна редакция
Контролно поле 20180420231309.0
008 - Елементи от данни с фиксирана дължина
fixed length control field 180409b bul|||||r ||||||| ||bul||
010 ## - Наследен системен номер
LC control number KNG00123902000
040 ## - Източник на каталожния запис
Идентификатор на билиотеката - собственик на записа BLK
041 ## - Код за език
Код за езика на текст/звукозапис или на отделно заглавие Български
Код за езика КДБФ Български
080 ## - УДК
Текстов определител УДК Шивашка промишленост. Козметика
УДК код - определител по УДК 687
УДК определител (035)
УДК - код + определител 687(035)
080 ## - УДК
Текстов определител УДК Художествени ръкоделия
УДК код - определител по УДК 746
УДК определител (035)
УДК - код + определител 746(035)
100 1# - Редна дума - Автор
Автор Алън, Хелън
Авторска отговорност първи автор
R(LIN) 315612
139 ## - Редно поле
Редна дума Алън, Хелън
Авторски знак Алш - А 59
245 10 - Сведения за заглавието
Заглавие Шев и плетачество
Подзаглавни данни Ръководство
Редно поле (дума) Хелън Алън; прев. от англ. Илия Асенов Иванов.
257 ## - Страна на издаване
Страна на създаване/издаване Съединени американски щати
260 ## - Област на издателските данни
-- София
Име на издателя, разпространителя и проч. Техника
Година на издаване 1986
300 ## - Физическа характеристика
Страници 64 с.
Илюстрации и др. с ил.
Размери/Мащаб 22 см
380 ## - Жанр
Жанр Техника
490 1# - СЕРИИ (Колекции)
Име на серия Направи си сам
490 1# - СЕРИИ (Колекции)
-- Подсерия
Име на серия За начинаещи
500 ## - Общи забележки
Забележка Ориг. загл. Beginner's guide to sewing knitting / Helen Allen.
650 #4 - Допълнително описание по предмет – тема
Основно описание – тема или топоним Шивачество
9 (RLIN) 177827
650 #4 - Допълнително описание по предмет – тема
Основно описание – тема или топоним Плетачество, ръчно - наръчници и ръководства
9 (RLIN) 245396
653 ## - Ключова дума – ненормативна
Ключова дума шев
653 ## - Ключова дума – ненормативна
Ключова дума плетачество
653 ## - Ключова дума – ненормативна
Ключова дума ръководства
700 1# - Други автори (авторска отговорност)
Лично име Иванов, Илия Асенов
Автороска отговорност (Описва отношението между автора и произведението) прев. от англ.
9 (RLIN) 250447
852 ## - Местоположение
Форматна сигнатура Цб 143234
856 4# - Електронен адрес и достъп
Електронен формат pdf - файл
Път до файла /url/
856 4# - Електронен адрес и достъп
Електронен формат pdf - файл
Път до файла /url/
942 ## - АРТИКУЛИ
Вид на библиотечния материал Книги
Скрит в OPAC Не
944 ## - СЪЗДАВАНЕ И РЕДАКЦИЯ на ЗАПИСА
Създаване/Редакция Създаване
Дата на регистрацията/редакция 25.06.2011
Статус, дата на статуса 25.06.2011 - от С1,Р / 25.06.2011
Служител, извършил регистрацията/редакцията Виолета_Тройчева
944 ## - СЪЗДАВАНЕ И РЕДАКЦИЯ на ЗАПИСА
Създаване/Редакция Редакция
Дата на регистрацията/редакция 25.06.2011
Статус, дата на статуса 25.06.2011 - от С1,Р / 25.06.2011
Служител, извършил регистрацията/редакцията
999 ## - СИСТЕМНИ КОНТРОЛНИ НОМЕРА
Koha biblionumber 118300
Koha biblioitemnumber 118300
Наличности
Код за отписване Код за изгубен артикул Източник на класификационната схема Код за повреда Коз за рестрикции Код за отдаване Артикулен № Име на библиотеката - собственик Име на библиотеката, в която се намира в момента Статус (Текущо местоположение) Дата на вписване в системата Местоположение - отдел Цена в лева Инвентарен номер Систематично азбучна сигнатура Баркод Номер на екземпляра Цена в евро Служебна бележка Служебен тип на артикула
  Не е изгубен Universal Decimal Classification Не е повреден без рестрикции ползва се в читалня 190616 Регионална библиотека "Любен Каравелов" Русе Регионална библиотека "Любен Каравелов" Русе Хранилище 1986-01-01 Хранилище 0.81 452934 Цб 143234 120000452934 1 0.41 Дост: Dp Вид: Д N: стар фонд Дата: 01.01.1986 Книги
Изтеглен Не е изгубен Universal Decimal Classification Не е повреден без рестрикции заемане за дома 190617 Регионална библиотека "Любен Каравелов" Русе Регионална библиотека "Любен Каравелов" Русе Заемна - подръчен фонд 1986-01-01 Заемна - подръчен фонд 0.81 452584 П 687/А 59 452584 2 0.41 Дост: Pk Вид: Ф N: стар фонд Дата: 01.01.1986 Книги
Изтеглен Не е изгубен Universal Decimal Classification Не е повреден без рестрикции заемане за дома 190618 Регионална библиотека "Любен Каравелов" Русе Регионална библиотека "Любен Каравелов" Русе Заемна - подръчен фонд 1986-01-01 Заемна - подръчен фонд 0.81 452583 П 687/А 59 452583 3 0.41 Дост: Pk Вид: Ф N: стар фонд Дата: 01.01.1986 Книги
Vip Innovations Ltd, Rousse, Bulgaria 2025